Names of National Parliaments - Statistics

General Stats
  • This quiz has been taken 575 times
  • The average score is 14 of 20
Answer Stats
parliament country % Correct
Bundestag Germany
98%
House of Lords United KIngdom
98%
Assemblée nationale France and 6 ors
97%
Büyük Millet Meclisi Turkey
83%
Congreso de la Unión Mexico
82%
Duma Russia
82%
Knesset Israel
80%
Congresso Nacional Brazil
76%
Országgyűlés Hungary
73%
Riksdag Sweden
72%
Althing Iceland
70%
National People's Congress China
65%
Supreme People's Assembly North Korea
62%
Legislative Yuan Taiwan
62%
Storting Norway
55%
Dáil Ireland
53%
Diet Japan
46%
Sejm Poland
38%
State Great Khural Mongolia
36%
Majlis Iran and 6 ors
30%
No matching quizzes found
Score Distribution
Percent of People with Each Score
Percentile by Number Answered
Your Score History
You have not taken this quiz